|
|
|
|
| LEADER |
00000cam a2200000 a 4500 |
| 001 |
8661 |
| 005 |
20230308155435.0 |
| 008 |
947020|1944 ||||||||r|||||||||||spa|| |
| 040 |
|
|
|b spa
|
| 041 |
1 |
|
|a spa
|
| 082 |
0 |
|
|a 923
|
| 110 |
2 |
|
|a Universidad Nacional del Litoral.
|g UNL
|9 11752
|
| 245 |
|
|
|a Homenaje a Zenón Martínez
|c Universidad Nacional del Litoral
|h imp
|
| 264 |
|
|
|a Santa Fé
|b Universidad Nacional del Litoral
|c 1944
|
| 300 |
|
|
|a 710 páginas:
|c 22,5 cm
|
| 650 |
|
|
|a Martinez zenon
|9 11753
|
| 650 |
|
|
|a Zenon
|9 11754
|
| 852 |
|
|
|a UC-CDJBV
|c ESTANTERIA CERRADA
|f Donación
|k margarita.gutierrez
|l 1
|m Limitada
|p 19470204
|q 15,00
|t 8661
|b 1
|d CDRC
|e CDRC
|g 923 ESTANTERIA CERRADA
|z 1947-70-20
|
| 942 |
|
|
|c BK
|
| 999 |
|
|
|c 5902
|d 5902
|